Statistiques concernant Culture Générale - Série 648

Cliquez ici pour prendre le quiz!

Statistiques générales

  • Ce quiz a été pris 66 fois
  • Le résultat moyen est 7 sur 10

Statistiques - réponses

QuestionRéponse% Correct
Dans quel pays se trouvent les villes de Saint-Pétersbourg, d'Omsk et de Samara ?Russie
98%
Quel homme politique et philosophe indien, assassiné en 1948, était appelé Mahatma ?Gandhi
97%
De quel mot "cantoche" est-il la variante familière ?cantine
95%
Quel océan borde la Côte d'Ivoire ?L'Atlantique
94%
Quel est le signe zodiacal d'une personne née le 11 août ?Lion
91%
De quel fleuve d'Amérique du Sud, le Xingu et le Madeira sont-ils des affluents ?Amazone
81%
Quel élément chimique a pour symbole Na ?sodium
64%
Quelle actrice interprète Ellen Ripley dans les films : "Alien, le huitième passager" et "Aliens, le Retour" ?Sigourney Weaver
55%
Quel coureur cycliste italien a remporté le Tour de France, en 1949 et 1952 ?Fausto Coppi
39%
Quelle femme de lettres publie en 1792 la "Déclaration des droits de la femme et de la citoyenne" ?Olympe de Gouges
25%

Distribution des résultats

Percentile par nombre de réponses

% des personnes avec chaque résultat

Votre développement - résultats

Vous n’avez pas pris ce quiz